Normal view
MARC view
- Automobiles
Entry Topical Term
001 - CONTROL NUMBER
- control field: 83910
003 - CONTROL NUMBER IDENTIFIER
- control field: NUST
005 - DATE AND TIME OF LATEST TRANSACTION
- control field: 20211111121615.0
008 - FIXED-LENGTH DATA ELEMENTS
- fixed length control field: 211111|| aca||aabn | a|a d
040 ## - CATALOGING SOURCE
- Original cataloging agency: NUST
- Transcribing agency: NUST
150 ## - HEADING--TOPICAL TERM
- Topical term or geographic name entry element: Automobiles
- General subdivision: Electronic equipment
- General subdivision: Maintenance and repair
670 ## - SOURCE DATA FOUND
- Source citation: Work cat.: (NUST)34103: Hollembeak, Barry. 83909, Advanced Automotive Electronic Systems /, c2011.
